Anatomie: Bezeichnung der Knochen - Statistiken

Allgemein
  • Dieses Quiz wurde 1.353 mal gespielt
  • Das Durchschnittsergebnis liegt bei 20 aus 62
Antwortstatistiken
Hint Antwort % Korrekt
Speiche Radius
77%
Elle Ulna
77%
Schienbein Tibia
74%
Oberschenkel Os femoris
72%
Wadenbein Fibula
71%
Kniescheibe Patella
70%
Oberarmknochen Humerus
69%
Brustbein Sternum
69%
Schlüsselbein Clavicula
68%
Schädel Cranium
64%
Schulterblatt Scapula
63%
1. Halswirbel Atlas
56%
Unterkiefer Mandibula
50%
Oberkiefer Maxilla
49%
2. Halswirbel Axis
47%
Rippen Costae
44%
Kreuzbein Os sacrum
44%
Stirnbein Os frontale
42%
Schambein Os pubis
41%
Nasenbein Os nasale
37%
HInterhauptbein Os occipitale
36%
Schläfenbein Os temporale
36%
Sitzbein Os ischii
32%
Darmbein Os Ilium
31%
Scheitelbein Os parietale
29%
Mondbein Os lunatum
28%
Steißbein Os coccygis
26%
Jochbein Os zygomaticum
25%
Sprungbein Talus
25%
Fersenbein Calcaneus
24%
Wirbelsäule Columna vertebralis
24%
Tränenbein Os lacrimale
23%
Keilbein Os sphenoidale
22%
Großes Vieleckbein Os trapezium
22%
Hüftknochen Os coxae
20%
Siebbein Os ethmoidale
20%
Hakenbein Os hamatum
19%
Kahnbein Os scaphoideum
19%
Kleines Vieleckbein Os trapezoideum
17%
Dreiecksbein Os triquetrum
17%
Hammer Malleus
16%
Kopfbein Os capitatum
16%
Gaumenbein Os palatinum
16%
Lendenwirbel Vertebrae lumbales
16%
Amboss Incus
15%
Kahnbein Os naviculare
15%
Handwurzelknochen Ossa carpi
15%
Halswirbel Vertebrae cervicales
15%
Würfelbein Os cuboideum
14%
Mittelglied Phalanx media
14%
Steigbügel Stapes
14%
Pflugscharbein Vomer
14%
Zungenbein Os hyoideum
13%
Endglied Phalanx distalis
13%
Brustwirbel Vertebrae thoracicae
13%
Mittelfußknochen Os metatarsi
11%
Keilbein Os cuneiforme
10%
Sesambein Os sesamoideum
9%
Fußwurzelknochen Os tarsi
9%
Mittelhandknochen Os metacarpalia
8%
Fingerglied/Zehglied Phalanx proximales
8%
Erbsenbein Os piriforme
7%
Keine übereinstimmenden Quizze gefunden
Verteilung der Resultate
Anzahl Personen mit jedem Resultat
Perzentil nach korrekt beantworteten Fragen
Ihre Resultats-Entwicklung
Sie haben dieses Quiz noch nicht gespielt